00628nam a2200145 a 4500008004100000100002300041245022300064260002800287500003100315504004100346700006800387003000100455005001700456040000900473 1 aMunyoro, Pedzisai.10aAn assessment of the role of Southern Africa HIV/AIDS Information Dissemination Service (SAFAIDS) Resource Centre in the provision of information to orphans and vulnerable children (OVC) in Mbare /cPedzisayi Munyoro.  aBulawayo:bNUST,c2007. aThesis (MSc)....NUST,2007. aIncludes bibliographical references. aNUST.bDept Of Communication and Information Science. tThesis.20230120153123.0 cNUST